| 000 | 00587naa a2200205 i 4500 | ||
|---|---|---|---|
| 001 | 34766 | ||
| 003 | ES-MaBCM | ||
| 005 | 20241016103747.0 | ||
| 008 | 950524s1994 bel 000 0 dut d | ||
| 021 | _axx | ||
| 035 | _a(OCoLC)1365189968 | ||
| 040 | _cES-MaBCM | ||
| 041 | 0 | _adut | |
| 043 | _abel | ||
| 100 | 1 |
_aHamerlynck, R. _921189 |
|
| 245 | 1 | 0 |
_aGenocide of misdaden tegen de menselijkheid _cR. Hamerlynck |
| 650 | 2 | 7 |
_aCrimen contra la humanidad _958187 |
| 773 | 0 |
_aEn: _tStudia diplomatica _dBruxelles : 1994 _w104622 _gv. XLVII, nÂș 6, p. 59-73. - Loc. S.367 |
|
| 942 | _cAREV | ||
| 999 |
_c34766 _d34766 |
||